000 00623cam a22002171 4500
001 e 22000357
003 DLC
005 20260227111213.0
008 761202s1918 xx 000 0 eng
010 _ae 22000357
035 _a(OCoLC)2589790
040 _aDLC
_cGStG
_dDLC
042 _apremarc
050 0 0 _aCT21
_b.L37
100 1 _aLee, Sidney,
_cSir,
_d1859-1926.
245 1 4 _aThe perspective of biography,
_cby Sir Sidney Lee.
260 _a[Oxford,
_bThe University press]
_c1918.
300 _a 24 p.
_c25 cm.
490 0 _aThe English association. Pamphlet
_vno. 41
650 0 _aBiography as a literary form.
999 _c20526
_d20526